Score 0/20 Timer 03:00
0 Plays Today
Hint Answer % Correct
Liar ___Liar
96.8%
Zig ___Zag
95%
Pitch ___Perfect
92.8%
Criss ___Cross
91.6%
Fantastic ___Four
91.2%
Batman ___Begins
90.4%
Topsy-___Turvy
89.3%
Donnie ___Darko
86.5%
Victor/___Victoria
80.1%
Heartbreak ___Hotel
80%
Hint Answer % Correct
Ella ___Enchanted
75.2%
Rob ___Roy
71.4%
Slap ___Shot
65.4%
Jumping ___Jacks
48.8%
Air ___America
37.9%
Mrs. ___Miniver
37%
Whatever ___Works
28.4%
Grey ___Gardens
25.4%
Killer's ___Kiss
15.6%
New ___Nightmare
4.2%

Today's Daily Dose

Remove Ads.
Support Sporcle.
Get the best of Sporcle when you Go Orange. This ad-free experience offers more features, more stats, and more fun while also helping to support Sporcle. Thank you for becoming a member.

You're not logged in!

Compare scores with friends on all Sporcle quizzes.
OR
Log In

Show Comments

Extras

Top Quizzes Today


Score Distribution

Your Account Isn't Verified!

In order to create a playlist on Sporcle, you need to verify the email address you used during registration. Go to your Sporcle Settings to finish the process.

Report this User

Report this user for behavior that violates our Community Guidelines.

Details: